| 000 | 00802nam a2200217Ii 4500 | ||
|---|---|---|---|
| 003 | JO-AjNU | ||
| 008 | 230605s9999||||xx |||||||||||||| ||und|| | ||
| 017 | _a2005/5591 | ||
| 040 |
_aJO-AjNU _bara _erda _cJO-AjNU |
||
| 041 | _aara | ||
| 050 | 1 | 4 | _aGV1114 2005 |
| 100 | 3 |
_aعبد الرؤوف، ياسر يوسف, _eauthor _915475 |
|
| 245 | 0 | 0 | _aرياضة الجودو والقرن الحادي والعشرين |
| 250 | _aط1 | ||
| 264 | 3 | 1 | _aالقاهرة: دار السحاب للنشر والتوزيع، 2005 |
| 300 |
_a251ص _bيشتمل على جداول وصور توضبحية |
||
| 336 |
_atext _btxt _2rdacontent |
||
| 337 |
_aunmediated _bn _2rdamedia |
||
| 338 |
_avolume _bnc _2rdacarrier |
||
| 650 | 4 |
_aالجودو - القرن الحادي والعشرين - الرياضة _915476 |
|
| 999 |
_aA4379 _c7947 _d7947 |
||